Top 10 Most Popular NCS Songs On Letter ,,I'' - Statistics

General Stats
  • This quiz has been taken 4 times
  • The average score is 8 of 10
Answer Stats
Creator Song Views % Correct
Laszlo Imaginary Friends 11M
100%
Valence Infinite 21M
100%
Unknown Brain, Aviella Inspiration 27M
100%
DEAF KEV Invincible 284M
100%
Julius Dreisig, Zeus, Crona Invisible 150M
100%
Cartoon, Jeja, Juri Pootsmann I Remember U 16M
100%
Exit Friendzone, Eden Iris 7,2M
100%
Cartoon, Jeja, Kristel Aaslaid Immortality (Futuristik Remix) 7,4M
67%
T-Mass Ignoring My Heart 8,3M
33%
3rd Prototype I Know 11M
33%
No matching quizzes found
Score Distribution
Percent of People with Each Score
Percentile by Number Answered
Your Score History
You have not taken this quiz